Sana, Sana, Colita de rana (Registro nro. 3229)

Detalles MARC
000 -CABECERA
Longitud fija campo de control 00709nam a2200229 a 4500
003 - • IDENTIFICADOR DELl NÚMERO DE CONTROL
Identificador del número de control CO-ViMGA
008 - • CÓDIGOS DE INFORMACIÓN DE LONGITUD FIJA
Códigos de información de longitud fija 141112s2004 ck r 000 u spa d
020 ## - • NÚMERO INTERNACIONAL NORMALIZADO PARA LIBROS
Número Internacional Normalizado para Libros (ISBN) 9789583017292
040 ## - FUENTE DE LA CATALOGACIÓN
Centro catalogador de origen CO-ViMGA
Lengua de catalogación spa
Centro transcriptor CO-ViMGA
082 04 - • NÚMERO DE LA CLASIFICACIÓN DECIMAL DEWEY
Número de clasificación (R) NIÑs
100 1# - • PUNTO DE ACCESO PRINCIPAL-NOMBRE DE PERSONA
Nombre de persona Niño, Jairo Anibal
245 10 - • TITULO PROPIAMENTE DICHO
Título Sana, Sana, Colita de rana
300 ## - • DESCRIPCIÓN FÍSICA
Extensión 47
490 ## - • MENCIÓN DE SERIE
Mención de serie Que pase el tren
590 ## - NOTAS LOCALES
Nota local Forma de adquisición : DONACION - - Precio : 15.000 - - Fecha de adquisición : FEBRERO 2008
650 14 - • PUNTO DE ACCESO ADICIONAL DE MATERIA - TÉRMINO DE MATERIA
Término de materia o nombre geográfico como elemento inicial CUENTOS JUVENILES COLOMBIANOS
650 14 - • PUNTO DE ACCESO ADICIONAL DE MATERIA - TÉRMINO DE MATERIA
Término de materia o nombre geográfico como elemento inicial MEDICOS - POESIAS
650 14 - • PUNTO DE ACCESO ADICIONAL DE MATERIA - TÉRMINO DE MATERIA
Término de materia o nombre geográfico como elemento inicial MEDICOS CUENTOS JUVENILES
942 ## - ENTRADA DE ELEMENTOS AGREGADOS (KOHA)
Fuente de clasificaión o esquema Dewey Decimal Classification
Koha [por defecto] tipo de item LIbro
Existencias
Perdido Fuente de clasificación o esquema Estado Físico No para préstamo Forma de adquisición Localización permanente Localización actual Localización en estanterías Fecha adquisición Préstamos totales Código de barras Fecha última consulta Número de copia Fecha del precio de reemplazo Tipo de item de Koha Serie de enumeración / cronolog&íacute;a Signatura completa Fecha último préstamo
  Dewey Decimal Classification     Infantil Biblioteca Pública Cubarral Biblioteca Pública Cubarral Sala Infantil 07/18/2023   CUB00295 07/18/2023 Ej.1 07/18/2023 Libro Literatura      
  Dewey Decimal Classification     Sala Infantil Segundo Piso Biblioteca Pública Germán Arciniegas - Villavicencio Biblioteca Pública Germán Arciniegas - Villavicencio   12/04/2015 2 22357 05/26/2022 Ej. 1 12/04/2015 LIbro Volumen. 1 | 11/jun/2009 NIÑs 05/02/2022









Instituto Departamental de Cultura del Meta - Red Departamental de Bibliotecas Públicas del Meta.